Torschützenkönige in der Geschichte des VfB Stuttgart - Statistiken

Allgemein
  • Dieses Quiz wurde 57 mal gespielt
  • Das Durchschnittsergebnis liegt bei 4 aus 10
Antwortstatistiken
Tore Nationalität Spieler % Korrekt
110 Deutschland Mario Gómez
94%
109 Brasilien / Deutschland Cacau
76%
94 Deutschland Jürgen Klinsmann
54%
124 Deutschland Fritz Walter
50%
167 Deutschland Karl Allgöwer
50%
157 Deutschland Hermann Ohlicher
24%
102 Deutschland Robert Schlienz
16%
98 Deutschland Otto Baitinger
2%
114 Deutschland Erwin Waldner
0%
140 Deutschland Rolf Blessing
0%
Keine übereinstimmenden Quizze gefunden
Verteilung der Resultate
Anzahl Personen mit jedem Resultat
Perzentil nach korrekt beantworteten Fragen
Ihre Resultats-Entwicklung
Sie haben dieses Quiz noch nicht gespielt